000 01563nam a2200433 i 4500
001 196198
003 ES-MaACL
005 20250510063010.0
008 240818s2004 sp | ||| ||spa
016 7 _abimoBNE20040755658
_2SpMaBN
017 _aM 24983-2004
_bOficina Depósito Legal Madrid
020 _a8428315698
035 _a(OCoLC)432975213
035 _a(SpMaBN)bimo0001962380
035 _a991016288169708606
040 _aSpMaBN
_bspa
_cSpMaBN
_erdc
080 _a693(035)
100 0 _aAuguste, Pierre
_923895
_eaut
240 1 0 _aDevenez un bon maçon
_lEspañol
245 1 0 _aAlbañilería /
_cPierre Auguste ; [traducido por, B. Jäggi-Mangada].
250 _a7ª ed., 2ª reimp.
260 _aMadrid :
_bThomson-Paraninfo,
_c2004.
300 _a127 p. :
_bil. ;
_c22 cm.
336 _2rdacontent
_atexto
337 _2rdamedia
_asin mediación
338 _2rdacarrier
_avolumen
490 1 _aBricolaje (Editorial Paraninfo)
500 _aÍndice
594 _aTraducción de: Devenez un bon maçon
650 0 _aAlbañilería-
_vManuales para aficionados
_2embne
_9238488
830 _aBricolaje (Editorial Paraninfo)
_9238487
852 _aES-MaACL
_bR.152547
_cDEPOJ
_jN-9273
_hDonación: José Lázaro García
_xEncuadernación rústica
_9205299
903 _9234219
_aLázaro García, José
_ednr
942 _cMONOGRAFIA
_n0
999 _c196198
_d196198